000 01050nam a2200253Ia 4500
999 _c42473
_d42473
001 9169
003 GE_BSU
005 20211018131942.0
008 181216s2008||||enk|||||||||||||| ||eng||
020 _a9789941404085
040 _cGE_BSU
041 _aeng
080 _a811.111(072)(075.8) B-35
100 _aTsitsishvili, Rusudan
_912673
245 _aBecoming an English Teather:
_bTheory and practice of teaching English in Georgia : A pre-service teacher training course /
_cRusudan Tsitsishvili...(and others).
264 _aTbilisi :
_bBritish Council ,
_c2008.
300 _a174 გვ.
_b28ს მ.
653 _aBecoming an English Teather: Theory and Practice of Teaching English in Georgia
653 _aინგლისური ენის სწავლების მეთოდიკის სახელმძღვანელო
700 _aNijaradze, Nino
_eავტორი
_912674
700 _aDarchia, Maya
_eავტორი
_912675
710 _aBritish Council of Georgia
_912676
942 _cBK
_2udc